Bilecik Bilecik Bilecik Bilecik Bilecik

Tamamlayıcı uygulamalı metinlerle Türkçe kompozisyon/ (Record no. 45991)

MARC details
000 -BAŞLIK
Sabit Uzunluktaki Kontrol Alanı 01105nam a22003737a 4500
001 - KONTROL NUMARASI
Control Dosyası 0046024
003 - KONTROL NUMARASI KİMLİĞİ
Kontrol Alanı KOHA_MİRAKIL
005 - EN SON İŞLEM TARİHİ ve ZAMANI
Kontrol Alanı 20260207003505.0
007 - FİZİKSEL TANIM SABİT ALAN - GENEL BİLGİ
Sabit uzunluklu kontrol alanı ta
008 - SABİT UZUNLUKTAKİ VERİ ÖGELERİ - GENEL BİLGİ
Sabit Alan 140723b1987 tu a|||gr||||#||||1|tur |
040 ## - KATALOGLAMA KAYNAĞI
Özgün Kataloglama Kurumu TR-BiSEU
Kataloglama Dili tur
Çeviri Kurumu TR-BiSEU
Açıklama Kuralları rda
041 0# - DİL KODU
Metin ya da ses kaydının dil kodu tur
044 ## - YAYINLAYAN/ÜRETEN KURULUŞUN ÜLKE KODU
ISO country code tu
050 ## - SINIFLAMA ve YER NUMARASI
Sınıflama Numarası PL175
Yer Numarası .K67 1987
100 1# - KİŞİ ADI
Yazar Adı (Kişi adı) Korkmaz, Alaaddin.
245 1# - ESER ADI BİLDİRİMİ
Başlık Tamamlayıcı uygulamalı metinlerle Türkçe kompozisyon/
Sorumluluk Bildirimi Alaaddin Korkmaz ; Alaaddin Korkmaz.
250 ## - BASIM BİLDİRİMİ
Basım Bildirimi 2. Baskı
264 #1 - ÜRERİM, YAYIN, DAĞITIM ve TELİF BİLDİRİMİ
Yayın yeri Ankara :
Yayınlayan Ecdad Yayınları
Yayın tarihi 1987
300 ## - FİZİKSEL TANIMLAMA
Sayfa, Cilt vb. 128 sayfa :
Diğer fiziki detaylar resimli ;
Boyutları 20 cm.
336 ## - İÇERİK TÜRÜ
Content type term metin
Content type code txt
Source rdacontent
337 ## - MEDYA TÜRÜ
Media type term aracısız
Media type code n
Source rdamedia
338 ## - TAŞIYICI TÜRÜ
Carrier type term cilt
Carrier type code nc
Source rdacarrier
490 1# - DİZİ BİLDİRİMİ
Dizi Bildirimi Yayın ;
Cilt Numarası nu.
490 1# - DİZİ BİLDİRİMİ
Dizi Bildirimi 1.
490 1# - DİZİ BİLDİRİMİ
Dizi Bildirimi Yadımcı ders kitapları ;
Cilt Numarası 1.
500 ## - GENEL NOT
Genel Not Kaynakça var.
500 ## - GENEL NOT
Genel Not Dizin var.
650 #0 - KONU BAŞLIĞI EK GİRİŞ - KONU TERİMİ
Konusal terim veya coğrafi ad Türk dili--Söz sanatı.
9 (RLIN) 84684
650 #0 - KONU BAŞLIĞI EK GİRİŞ - KONU TERİMİ
Konusal terim veya coğrafi ad Turkish Language--Rhetoric.
9 (RLIN) 84685
830 1# - SERİ EK GİRİŞİ - TEKBİÇİM ESER ADI
Tekbiçim Başlık Yayın ;
Volume number/sequential designation nu.
9 (RLIN) 1557
830 1# - SERİ EK GİRİŞİ - TEKBİÇİM ESER ADI
Tekbiçim Başlık 1.
9 (RLIN) 2570
830 1# - SERİ EK GİRİŞİ - TEKBİÇİM ESER ADI
Tekbiçim Başlık Yadımcı ders kitapları ;
Volume number/sequential designation 1.
9 (RLIN) 84686
942 ## - EK GİRİŞ ÖGELERİ (KOHA)
Source of classification or shelving scheme Library of Congress Classification
Koha item type Book
Holdings
Materyal Türü Kalıcı Konum Mevcut Konum Raf Yeri Sınıflandırma Kaynağı Edinim Bilgisi Ana Konular Alt Konular Yer Numarası Demirbaş Numarası Fatura Tarihi Geri Çekilme Durumu Kayıp Durumu Hasarlı Durumu Kredi için değil Kayıt Tarih Toplam Ödünçverme Son Görülme Tarihi Son Kontrol Tarihi Genel / Bağış Notu
Book Prof. Dr. Azmi Özcan Kütüphanesi Prof. Dr. Azmi Özcan Kütüphanesi Birûni Salonu Library of Congress Classification Bağış DİL VE EDEBİYAT Doğu Asya, Afrika, Okyanusya Dilleri ve Edebiyatları PL175 .K67 1987 0046024 02/02/2026         23/07/2014   05/12/2024 05/12/2024 Genel Bağış